000
00326nam a2200145Ia 4500
100
_a
Bhor/Priyanka
650
_a
Communications
942
_c
BK
245
_a
Basics of Analog and digital communication system
260
_b
Narosa
_c
2009
082
_a
621.382/BHO
_b
BHO
300
_a
289
546
_a
ENGLISH
999
_c
32880
_d
32880